[Event "Hamburg-ch Seniors 23rd"]
[Site "Hamburg"]
[Date "2016.11.06"]
[Round "5"]
[White "Roepke, Karl Peter"]
[Black "Meyer, Winfried"]
[Result "0-1"]
[WhiteElo "1469"]
[BlackElo "1668"]
[PlyCount "52"]
[EventDate "2016.11.02"]
[EventType "swiss"]
[EventRounds "9"]
[EventCountry "GER"]
[SourceTitle "EXT 2019"]
[Source "ChessBase"]
[SourceDate "2018.10.10"]
[SourceVersion "1"]
[SourceVersionDate "2018.10.10"]
[SourceQuality "1"]

1. e4 c5 2. d4 cxd4 3. Qxd4 Nc6 4. Qd1 d6 5. Bb5 Nf6 6. Nc3 g6 7. Bd3 Bg7 8. Nf3 0-0 9. h3 a6 10. Rb1 b5 11. Ne2 Nb4 12. a3 Nxd3+ 13. Qxd3 Be6 14. b3 Nd7 15. Be3 Qa5+ 16. b4 Qc7 17. Bd4 Bc4 18. Qd2 e5 19. Be3 Rac8 20. Bh6 Bxe2 21. Bxg7 Kxg7 22. Qxe2 Qxc2 23. Qxc2 Rxc2 24. 0-0 Nb6 25. Rbc1 Rfc8 26. Rfd1 Rxc1 0-1